[Event "Titled Tuesday intern op 24th Sep Early"]
[Site "Chess.com INT"]
[Date "2024.09.24"]
[Round "1"]
[White "Cuellar Montes, Alejandro"]
[Black "Erten, Kerem"]
[Result "1-0"]
[WhiteElo "2190"]
[BlackElo "2331"]
[PlyCount "55"]
[EventDate "2024.09.24"]
[EventType "swiss (blitz)"]
[EventRounds "11"]
[EventCountry "USA"]
[SourceTitle "EXT 2025"]
[Source "ChessBase"]
[SourceDate "2024.10.14"]
[SourceVersion "1"]
[SourceVersionDate "2024.10.14"]
[SourceQuality "1"]

1. e4 e6 2. d4 d5 3. Bd3 dxe4 4. Bxe4 Nf6 5. Bf3 c6 6. Ne2 Bd6 7. 0-0 0-0 8. c4 Nbd7 9. Ng3 Qc7 10. Nc3 Rd8 11. Qc2 e5 12. d5 cxd5 13. Nxd5 Nxd5 14. Bxd5 Nb6 15. Qb3 Nxd5 16. cxd5 f5 17. Bg5 Rf8 18. Rac1 Qf7 19. f3 b6 20. Rfd1 Bb7 21. Be3 Rac8 22. Rxc8 Rxc8 23. Qd3 g6 24. Bd2 Bc5+ 25. Kh1 Qxd5 26. Qe2 Rd8 27. a3 e4 28. fxe4 1-0

[Event "Titled Tuesday intern op 24th Sep Early"]
[Site "Chess.com INT"]
[Date "2024.09.24"]
[Round "2"]
[White "Erten, Kerem"]
[Black "Bashirli, Saadat"]
[Result "1-0"]
[WhiteElo "2331"]
[BlackElo "1894"]
[PlyCount "111"]
[EventDate "2024.09.24"]
[EventType "swiss (blitz)"]
[EventRounds "11"]
[EventCountry "USA"]
[SourceTitle "EXT 2025"]
[Source "ChessBase"]
[SourceDate "2024.10.14"]
[SourceVersion "1"]
[SourceVersionDate "2024.10.14"]
[SourceQuality "1"]

1. e4 c5 2. Nf3 Nc6 3. Bb5 d6 4. 0-0 Bd7 5. Re1 Nf6 6. c3 a6 7. Bc4 b5 8. Bf1 Bg4 9. d4 cxd4 10. cxd4 Bxf3 11. gxf3 e5 12. d5 Nd4 13. Be3 Qb6 14. a4 bxa4 15. Qxa4+ Nd7 16. Bxd4 exd4 17. Nd2 Be7 18. Bh3 Qb7 19. Nc4 Ra7 20. Na5 Qb5 21. Nc6 Qxa4 22. Rxa4 Ra8 23. Rxd4 Bf6 24. Rb4 Nc5 25. Re3 0-0 26. f4 a5 27. Rb5 Rfe8 28. e5 Bh4 29. exd6 Ne4 30. d7 Bxf2+ 31. Kg2 Bxe3 32. dxe8Q+ Rxe8 33. Bd7 Nd6 34. Rb3 Bxf4 35. Bxe8 Nxe8 36. Nxa5 g6 37. Nc4 Kg7 38. Rf3 Bc7 39. b4 h5 40. b5 Bd8 41. b6 g5 42. b7 Bc7 43. Re3 Nf6 44. Re7 Nxd5 45. Rxc7 Nxc7 46. b8Q Ne6 47. Qe5+ Kg6 48. Nd6 Nf4+ 49. Kf3 f6 50. Qf5+ Kg7 51. Ne4 g4+ 52. Kxf4 h4 53. Qxf6+ Kh7 54. Ng5+ Kg8 55. Qf7+ Kh8 56. Qh7# 1-0

[Event "Titled Tuesday intern op 24th Sep Early"]
[Site "Chess.com INT"]
[Date "2024.09.24"]
[Round "6"]
[White "Erten, Kerem"]
[Black "Pavlov, Nikolay1"]
[Result "0-1"]
[WhiteElo "2331"]
[BlackElo "2316"]
[PlyCount "66"]
[EventDate "2024.09.24"]
[EventType "swiss (blitz)"]
[EventRounds "11"]
[EventCountry "USA"]
[SourceTitle "EXT 2025"]
[Source "ChessBase"]
[SourceDate "2024.10.14"]
[SourceVersion "1"]
[SourceVersionDate "2024.10.14"]
[SourceQuality "1"]

1. e4 e6 2. d4 d5 3. e5 c5 4. c3 Nc6 5. Nf3 Bd7 6. Be2 Nge7 7. Na3 cxd4 8. cxd4 Nf5 9. Nc2 Be7 10. 0-0 0-0 11. Bd3 f6 12. Bxf5 exf5 13. Re1 Be8 14. Ne3 f4 15. Nf5 Bh5 16. Nxe7+ Qxe7 17. Qb3 Rad8 18. Bxf4 Bxf3 19. Qxf3 fxe5 20. g3 Nxd4 21. Qd3 Qf6 22. Rxe5 Nf3+ 23. Qxf3 Qxe5 24. Qb3 Qe2 25. Rd1 Kh8 26. Rd4 Rd7 27. Qa3 Re8 28. Qxa7 Qf3 29. Be3 h6 30. Rd2 d4 31. Rd3 dxe3 32. fxe3 Rxd3 33. Qa4 Rd1+ 0-1

[Event "Titled Tuesday intern op 24th Sep Early"]
[Site "Chess.com INT"]
[Date "2024.09.24"]
[Round "5"]
[White "Shishkov, Andrei"]
[Black "Erten, Kerem"]
[Result "0-1"]
[WhiteElo "2340"]
[BlackElo "2331"]
[PlyCount "168"]
[EventDate "2024.09.24"]
[EventType "swiss (blitz)"]
[EventRounds "11"]
[EventCountry "USA"]
[SourceTitle "EXT 2025"]
[Source "ChessBase"]
[SourceDate "2024.10.14"]
[SourceVersion "1"]
[SourceVersionDate "2024.10.14"]
[SourceQuality "1"]

1. d4 Nf6 2. c4 e6 3. Nc3 d5 4. cxd5 exd5 5. Bg5 Be7 6. e3 h6 7. Bh4 Bg4 8. Qc2 Nbd7 9. h3 Be6 10. Nf3 0-0 11. Be2 c6 12. 0-0 Re8 13. a3 Bd6 14. Rad1 g5 15. Bg3 Bxg3 16. fxg3 Qc7 17. Kh2 Kg7 18. Bd3 Re7 19. Qf2 Rae8 20. Ne5 Ng8 21. Nxd7 Qxd7 22. e4 dxe4 23. Nxe4 Bd5 24. Nf6 Qd6 25. Nxe8+ Rxe8 26. Rde1 Rxe1 27. Rxe1 Nf6 28. Qe3 Be6 29. Qe5 Qxe5 30. Rxe5 Nd7 31. Re1 Kf6 32. Rf1+ Ke7 33. Bf5 Nf8 34. g4 b6 35. Rc1 Kd6 36. Rf1 Bc4 37. Rf2 Kd5 38. Rd2 Kd6 39. Kg3 Ne6 40. Bxe6 Bxe6 41. Kf3 Bd5+ 42. Ke3 Ke6 43. Rf2 Ke7 44. g3 f6 45. h4 Be6 46. hxg5 hxg5 47. Rc2 Kd6 48. Rf2 Ke7 49. Rh2 a5 50. Rh7+ Kd6 51. Rh6 Ke7 52. Rh7+ Kd6 53. Ke4 Bxg4 54. Rh6 Ke6 55. Rh8 Bf5+ 56. Ke3 Bc2 57. Re8+ Kd6 58. Rf8 Ke7 59. Rb8 b5 60. b4 axb4 61. axb4 Bb3 62. Ke4 Bc2+ 63. Ke3 Bb3 64. Rb7+ Ke6 65. Rc7 Bd5 66. Rc8 Kd6 67. Rf8 Ke7 68. Rc8 Ke6 69. Rf8 Ke7 70. Rc8 Kf7 71. Rc7+ Kg6 72. Rd7 Kf5 73. Rd6 Kg6 74. Rd7 Kh5 75. Rd6 f5 76. Rf6 Kg4 77. Kf2 Be4 78. Rf7 Kh5 79. Rf8 Kg6 80. Rg8+ Kf6 81. Rd8 Ke7 82. Rg8 f4 83. Rh8 Bd5 84. gxf4 gxf4 0-1

[Event "Titled Tuesday intern op 17th Sep Early"]
[Site "Chess,com INT"]
[Date "2024.09.17"]
[Round "1"]
[White "Chernyavsky, Alexander"]
[Black "Erten, Kerem"]
[Result "0-1"]
[WhiteElo "2339"]
[BlackElo "2331"]
[PlyCount "78"]
[EventDate "2024.09.17"]
[EventType "swiss (blitz)"]
[EventRounds "11"]
[EventCountry "USA"]
[SourceTitle "EXT 2025"]
[Source "ChessBase"]
[SourceDate "2024.10.14"]
[SourceVersion "1"]
[SourceVersionDate "2024.10.14"]
[SourceQuality "1"]

1. d4 Nf6 2. c4 e6 3. Nc3 d5 4. cxd5 exd5 5. Bg5 Be7 6. e3 h6 7. Bh4 Bg4 8. Qb3 Nbd7 9. Bxf6 Nxf6 10. Qxb7 0-0 11. Qb3 c5 12. Nge2 Rb8 13. Qc2 Qb6 14. f3 Bh5 15. Na4 Qa5+ 16. Kf2 Bg6 17. Qd1 cxd4 18. Nxd4 Rfc8 19. b3 Nd7 20. Bd3 Bxd3 21. Qxd3 Ne5 22. Qe2 Bf6 23. Rac1 Nc4 24. Rhd1 Ne5 25. Nf5 Re8 26. Rc5 Qb4 27. Rcxd5 Ng6 28. Qd2 Qb7 29. Rd7 Qb5 30. Qd5 Qxd5 31. R1xd5 Rbc8 32. Rd2 a5 33. Nb6 Rc6 34. Nc4 Rc5 35. Nfd6 Rf8 36. Ne4 Rc6 37. Nxf6+ Rxf6 38. Nxa5 Ne5 39. Rb7 Rc8 0-1

[Event "Titled Tuesday intern op 10th Sep Early"]
[Site "Chess,com INT"]
[Date "2024.09.10"]
[Round "11"]
[White "Erten, Kerem"]
[Black "Reprintsev, Alexander"]
[Result "1-0"]
[WhiteElo "2331"]
[BlackElo "2230"]
[PlyCount "119"]
[EventDate "2024.09.10"]
[EventType "swiss (blitz)"]
[EventRounds "11"]
[EventCountry "USA"]
[SourceTitle "EXT 2025"]
[Source "ChessBase"]
[SourceDate "2024.10.14"]
[SourceVersion "1"]
[SourceVersionDate "2024.10.14"]
[SourceQuality "1"]

1. e4 d5 2. exd5 Qxd5 3. Nc3 Qd6 4. d4 c6 5. g3 Nf6 6. Bf4 Qd8 7. Bg2 e6 8. Nf3 Nbd7 9. Ne5 Nxe5 10. dxe5 Nd5 11. Nxd5 cxd5 12. 0-0 Bd7 13. c4 Bc6 14. cxd5 Bxd5 15. Qa4+ Qd7 16. Qxd7+ Kxd7 17. Rfd1 Rc8 18. Rxd5+ exd5 19. Bh3+ Kd8 20. Bxc8 Kxc8 21. Rd1 Be7 22. Rxd5 g5 23. Be3 b6 24. g4 Kc7 25. Kg2 Kc6 26. Rd2 h6 27. h3 Re8 28. Kf3 Bb4 29. Rc2+ Kd7 30. Bd4 Bf8 31. Ke4 f6 32. Kf5 fxe5 33. Bxe5 Bc5 34. Rd2+ Kc6 35. Bf6 Re1 36. Kg6 Re6 37. Kf7 Re1 38. Kg6 Re6 39. Kf5 Re1 40. Bg7 Rf1 41. Bxh6 Bxf2 42. Rc2+ Kd5 43. Kxg5 Bd4 44. h4 Ke6 45. Re2+ Kf7 46. Kh5 a5 47. b3 b5 48. Rd2 Bc3 49. Rd5 Ra1 50. Rxb5 Rxa2 51. g5 a4 52. bxa4 Rxa4 53. g6+ Ke6 54. g7 Ra8 55. Kg6 Bd4 56. Kh7 Ra7 57. Kg6 Ra8 58. Rb7 Be5 59. h5 Bd6 60. Kh7 1-0

[Event "Titled Tuesday intern op 10th Sep Early"]
[Site "Chess,com INT"]
[Date "2024.09.10"]
[Round "2"]
[White "Erten, Kerem"]
[Black "Svane, Frederik"]
[Result "1/2-1/2"]
[WhiteElo "2331"]
[BlackElo "2640"]
[PlyCount "136"]
[EventDate "2024.09.10"]
[EventType "swiss (blitz)"]
[EventRounds "11"]
[EventCountry "USA"]
[SourceTitle "EXT 2025"]
[Source "ChessBase"]
[SourceDate "2024.10.14"]
[SourceVersion "1"]
[SourceVersionDate "2024.10.14"]
[SourceQuality "1"]

1. e4 c6 2. d4 d5 3. Nc3 dxe4 4. Nxe4 Bf5 5. Ng3 Bg6 6. h4 h6 7. Nf3 Nf6 8. h5 Bh7 9. Bd3 Bxd3 10. Qxd3 Nbd7 11. Bd2 e6 12. 0-0-0 Be7 13. Kb1 0-0 14. Ne4 Nxe4 15. Qxe4 Nf6 16. Qe2 Qd5 17. Ne5 Qe4 18. Be3 Nd5 19. Rh3 Bg5 20. Qg4 Qxg4 21. Nxg4 Nxe3 22. Nxe3 Rfd8 23. c3 Rd7 24. Nc4 Rad8 25. Rhd3 Rd5 26. g4 c5 27. Kc2 cxd4 28. Rxd4 Rxd4 29. Rxd4 Rxd4 30. cxd4 Bf4 31. Na5 b6 32. Nc6 a6 33. Kd3 g6 34. Ke4 Bd6 35. f3 gxh5 36. gxh5 f5+ 37. Kd3 Kf7 38. Ke3 Kf6 39. f4 Kf7 40. Ne5+ Ke7 41. a4 Ke8 42. b3 Bf8 43. Kd3 Ba3 44. Nc4 Bc1 45. Nxb6 Bxf4 46. b4 Kd8 47. b5 axb5 48. axb5 Kc7 49. Nc4 Bg3 50. d5 exd5 51. Ne3 f4 52. Nxd5+ Kd6 53. Ke4 Kc5 54. b6 Kc6 55. Nxf4 Kxb6 56. Kf5 Kc7 57. Ne2 Be1 58. Kg6 Bd2 59. Nd4 Kd7 60. Nf5 Ke8 61. Nxh6 Bxh6 62. Kxh6 Kf7 63. Kh7 Kf8 64. h6 Kf7 65. Kh8 Kf8 66. Kh7 Kf7 67. Kh8 Kf8 68. h7 Kf7 1/2-1/2

[Event "Titled Tuesday intern op 10th Sep Early"]
[Site "Chess,com INT"]
[Date "2024.09.10"]
[Round "9"]
[White "Ziatdinov, Raset"]
[Black "Erten, Kerem"]
[Result "0-1"]
[WhiteElo "2063"]
[BlackElo "2331"]
[PlyCount "86"]
[EventDate "2024.09.10"]
[EventType "swiss (blitz)"]
[EventRounds "11"]
[EventCountry "USA"]
[SourceTitle "EXT 2025"]
[Source "ChessBase"]
[SourceDate "2024.10.14"]
[SourceVersion "1"]
[SourceVersionDate "2024.10.14"]
[SourceQuality "1"]

1. e4 e6 2. d4 d5 3. Nd2 c5 4. exd5 Qxd5 5. Ngf3 cxd4 6. Bc4 Qd6 7. 0-0 Nf6 8. Nb3 Nc6 9. Nbxd4 Nxd4 10. Nxd4 Be7 11. Nb5 Qc6 12. Qe2 0-0 13. Nd4 Qc7 14. Bg5 Bd7 15. Bb3 a5 16. Nf5 exf5 17. Qxe7 Rae8 18. Qa3 a4 19. Bxf6 axb3 20. Be7 Ra8 21. Qxb3 Ba4 22. Qb4 Rfe8 23. Bc5 Bxc2 24. Rac1 Be4 25. a3 Bc6 26. Rfe1 h6 27. Bb6 Qd7 28. Rcd1 Rxe1+ 29. Qxe1 Re8 30. Be3 Qe6 31. Qb4 Qg6 32. g3 Qh5 33. Rc1 Qf3 34. Rxc6 Qxc6 35. Qd2 Qc7 36. Bf4 Qd8 37. Qc2 Qd5 38. Be3 Rd8 39. Qc7 Qd7 40. Qe5 Qc6 41. Bd4 f6 42. Qf4 Qe4 43. Be3 Rd1# 0-1

[Event "Titled Tuesday intern op 03rd Sep Early"]
[Site "Chess.com INT"]
[Date "2024.09.03"]
[Round "9"]
[White "Erten, Kerem"]
[Black "Kocharin, Timur"]
[Result "1/2-1/2"]
[WhiteElo "2331"]
[BlackElo "2234"]
[PlyCount "243"]
[EventDate "2024.09.03"]
[EventType "swiss (blitz)"]
[EventRounds "11"]
[EventCountry "USA"]
[SourceTitle "EXT 2025"]
[Source "ChessBase"]
[SourceDate "2024.10.14"]
[SourceVersion "1"]
[SourceVersionDate "2024.10.14"]
[SourceQuality "1"]

1. e4 c6 2. d4 d5 3. Nc3 dxe4 4. Nxe4 Nd7 5. Nf3 Ngf6 6. Ng3 h5 7. h4 g6 8. Bd3 Bg7 9. Bg5 0-0 10. Qe2 c5 11. 0-0-0 cxd4 12. Nxd4 Nc5 13. Bxg6 fxg6 14. Qc4+ Kh7 15. Qxc5 Qe8 16. Rhe1 e6 17. Nb5 Bd7 18. Nc7 Qc8 19. Qe7 Qxc7 20. Bxf6 Qf4+ 21. Kb1 Qxf6 22. Qxf6 Rxf6 23. Rxd7 Rxf2 24. Ne4 Rxg2 25. Ng5+ Kg8 26. Nxe6 Bh6 27. Nc7 Rf8 28. a3 Rg4 29. Nd5 Rf7 30. Rd8+ Kg7 31. Ree8 Rf5 32. Ne7 Re5 33. Nd5 Rxe8 34. Rxe8 Rxh4 35. Re7+ Kf8 36. Rxb7 Rd4 37. Ne7 Rd6 38. c4 Be3 39. Nd5 Bf2 40. Nf4 h4 41. Rh7 Kg8 42. Rb7 g5 43. Nh3 Be3 44. c5 Rc6 45. Re7 Bxc5 46. Re5 g4 47. Rg5+ Kf7 48. Rxg4 Be7 49. Ng5+ Bxg5 50. Rxg5 Rh6 51. Rg2 h3 52. Rh2 Ke6 53. b4 Kd5 54. Kb2 Kc4 55. Rc2+ Kb5 56. Rh2 Ka4 57. Ka2 Rh4 58. Kb2 a6 59. Ka2 Rh5 60. Kb2 Kb5 61. Kb3 Rh4 62. a4+ Kb6 63. Kc3 Kc6 64. Kb3 Kd5 65. Rd2+ Ke4 66. Rh2 Kd3 67. b5 axb5 68. axb5 Ke3 69. b6 Rh6 70. b7 Rb6+ 71. Kc4 Rxb7 72. Rxh3+ Kf4 73. Rh8 Rc7+ 74. Kd5 Rf7 75. Rh1 Kg5 76. Rg1+ Kf6 77. Kd6 Ra7 78. Rf1+ Kg6 79. Ke5 Ra5+ 80. Ke4 Ra4+ 81. Kf3 Ra3+ 82. Kg4 Ra6 83. Kg3 Rf6 84. Ra1 Re6 85. Kf4 Rf6+ 86. Ke5 Rf5+ 87. Ke6 Rf6+ 88. Ke7 Rf7+ 89. Ke6 Rf6+ 90. Ke5 Rf5+ 91. Ke4 Rf6 92. Rg1+ Kf7 93. Ke5 Re6+ 94. Kd5 Rg6 95. Ra1 Rg5+ 96. Kd6 Kf6 97. Rf1+ Rf5 98. Rh1 Rf2 99. Kd5 Rd2+ 100. Ke4 Re2+ 101. Kf4 Rf2+ 102. Kg3 Ra2 103. Rh6+ Kg7 104. Rb6 Ra3+ 105. Kf4 Ra5 106. Ke4 Kf7 107. Kf4 Kg7 108. Ke4 Kf7 109. Kd4 Ke7 110. Ke4 Kd7 111. Kd4 Kc7 112. Rh6 Kd7 113. Kc4 Ke7 114. Rh1 Rg5 115. Kb4 Kf6 116. Rf1+ Kg6 117. Ra1 Rf5 118. Kb3 Kf6 119. Kc4 Ke6 120. Kd4 Kf6 121. Ke4 Re5+ 122. Kf4 1/2-1/2

[Event "Titled Tuesday intern op 03rd Sep Early"]
[Site "Chess.com INT"]
[Date "2024.09.03"]
[Round "10"]
[White "Erten, Kerem"]
[Black "Lacan Rus, David"]
[Result "1-0"]
[WhiteElo "2331"]
[BlackElo "2257"]
[PlyCount "47"]
[EventDate "2024.09.03"]
[EventType "swiss (blitz)"]
[EventRounds "11"]
[EventCountry "USA"]
[SourceTitle "EXT 2025"]
[Source "ChessBase"]
[SourceDate "2024.10.14"]
[SourceVersion "1"]
[SourceVersionDate "2024.10.14"]
[SourceQuality "1"]

1. e4 e5 2. Nf3 Nf6 3. Nxe5 d6 4. Nf3 Nxe4 5. d4 d5 6. Bd3 Bd6 7. c4 c6 8. Nc3 Nxc3 9. bxc3 0-0 10. cxd5 cxd5 11. 0-0 Nc6 12. h3 h6 13. Rb1 Qa5 14. Qc2 Qc7 15. Re1 Be6 16. Be3 Rac8 17. Qd2 Ne7 18. Bxh6 gxh6 19. Qxh6 Nf5 20. Qh5 Qd7 21. Ng5 Rfd8 22. Qh7+ Kf8 23. Bxf5 Bxf5 24. Qh8# 1-0

[Event "Titled Tuesday intern op 03rd Sep Early"]
[Site "Chess.com INT"]
[Date "2024.09.03"]
[Round "4"]
[White "Erten, Kerem"]
[Black "Lazavik, Denis"]
[Result "1/2-1/2"]
[WhiteElo "2331"]
[BlackElo "2578"]
[PlyCount "97"]
[EventDate "2024.09.03"]
[EventType "swiss (blitz)"]
[EventRounds "11"]
[EventCountry "USA"]
[SourceTitle "EXT 2025"]
[Source "ChessBase"]
[SourceDate "2024.10.14"]
[SourceVersion "1"]
[SourceVersionDate "2024.10.14"]
[SourceQuality "1"]

1. e4 c5 2. Nf3 e6 3. b3 Nc6 4. Bb2 a6 5. c4 Nf6 6. e5 Ng4 7. g3 Qc7 8. Qe2 Be7 9. Bh3 Nh6 10. Nc3 0-0 11. Ne4 d5 12. exd6 Bxd6 13. Nxd6 Qxd6 14. 0-0 Nf5 15. Bxf5 exf5 16. Rad1 f4 17. d4 Bg4 18. d5 Ne7 19. Be5 Qg6 20. Bxf4 Qh5 21. Rd3 Ng6 22. Bd6 Rfe8 23. Re3 Rxe3 24. fxe3 Re8 25. e4 b6 26. Qe3 f6 27. a3 Bh3 28. Re1 Bg4 29. Nd2 Ne5 30. Bxe5 Qxe5 31. b4 h5 32. bxc5 bxc5 33. Qxc5 h4 34. Qf2 hxg3 35. hxg3 Rb8 36. Nf3 Qc3 37. Qe3 Qxc4 38. Nd2 Qc2 39. Qf4 Rb2 40. Qxg4 Qxd2 41. Qc8+ Kh7 42. Qh3+ Kg6 43. Qf5+ Kf7 44. Qd7+ Kg8 45. Qe8+ Kh7 46. Qh5+ Kg8 47. Qe8+ Kh7 48. Qh5+ Kg8 49. Qe8+ 1/2-1/2

[Event "Titled Tuesday intern op 03rd Sep Early"]
[Site "Chess.com INT"]
[Date "2024.09.03"]
[Round "7"]
[White "Erten, Kerem"]
[Black "Materia, Marco"]
[Result "0-1"]
[WhiteElo "2331"]
[BlackElo "2457"]
[PlyCount "72"]
[EventDate "2024.09.03"]
[EventType "swiss (blitz)"]
[EventRounds "11"]
[EventCountry "USA"]
[SourceTitle "EXT 2025"]
[Source "ChessBase"]
[SourceDate "2024.10.14"]
[SourceVersion "1"]
[SourceVersionDate "2024.10.14"]
[SourceQuality "1"]

1. e4 d6 2. d4 g6 3. c4 Bg7 4. Nc3 Nc6 5. Be3 e5 6. d5 Nd4 7. Nge2 Nxe2 8. Bxe2 f5 9. f3 Bh6 10. Bf2 Nf6 11. 0-0 0-0 12. b4 a5 13. a3 Nh5 14. c5 Nf4 15. Kh1 Bd7 16. Bb5 axb4 17. axb4 Rxa1 18. Qxa1 Bxb5 19. Nxb5 Nd3 20. Qc3 fxe4 21. cxd6 cxd6 22. Nc7 exf3 23. Ne6 fxg2+ 24. Kxg2 Nf4+ 25. Nxf4 Bxf4 26. h4 Qd7 27. Qh3 Qxh3+ 28. Kxh3 Be3 29. Kg2 Rxf2+ 30. Rxf2 Bxf2 31. Kxf2 b5 32. Kf3 Kf7 33. Kg3 Kf6 34. Kg4 h5+ 35. Kg3 g5 36. Kf3 gxh4 0-1

[Event "EU-ch U16"]
[Site "Prague"]
[Date "2024.08.30"]
[Round "8"]
[White "Nemsadze, Daviti"]
[Black "Erten, Kerem"]
[Result "1/2-1/2"]
[WhiteElo "2192"]
[BlackElo "2331"]
[PlyCount "68"]
[EventDate "2024.08.22"]
[EventType "swiss"]
[EventRounds "9"]
[EventCountry "CZE"]
[SourceTitle "CBM 221 Extra"]
[Source "ChessBase"]
[SourceDate "2024.09.30"]
[SourceVersion "1"]
[SourceVersionDate "2024.09.30"]
[SourceQuality "1"]

1. e4 e6 2. d4 d5 3. Nc3 Bb4 4. e5 c5 5. a3 Bxc3+ 6. bxc3 Ne7 7. Qg4 Qc7 8. Qxg7 Rg8 9. Qxh7 cxd4 10. Ne2 Nbc6 11. f4 dxc3 12. Qd3 d4 13. Nxd4 Nxd4 14. Qxd4 Bd7 15. Rg1 Nf5 16. Qf2 Qc6 17. Bd3 Qd5 18. Rb1 Bc6 19. Rb3 0-0-0 20. Rxc3 Kb8 21. g3 Nd4 22. Rf1 Rh8 23. Be3 Nf3+ 24. Qxf3 Qa5 25. Bd2 Bxf3 26. Rc8+ Rxc8 27. Bxa5 Bg4 28. h4 Bf5 29. Bb4 Bxd3 30. cxd3 Rc1+ 31. Ke2 Rxf1 32. Kxf1 Kc7 33. Be7 Kd7 34. Bf6 Rc8 1/2-1/2

[Event "EU-ch U16"]
[Site "Prague"]
[Date "2024.08.29"]
[Round "7"]
[White "Erten, Kerem"]
[Black "Kiladze, Luka"]
[Result "1-0"]
[WhiteElo "2331"]
[BlackElo "2193"]
[PlyCount "95"]
[EventDate "2024.08.22"]
[EventType "swiss"]
[EventRounds "9"]
[EventCountry "CZE"]
[SourceTitle "CBM 221 Extra"]
[Source "ChessBase"]
[SourceDate "2024.09.30"]
[SourceVersion "1"]
[SourceVersionDate "2024.09.30"]
[SourceQuality "1"]

1. e4 c5 2. Nf3 Nc6 3. Bb5 g6 4. Bxc6 dxc6 5. d3 Bg7 6. h3 e5 7. Be3 Qe7 8. Qd2 f5 9. exf5 gxf5 10. Bg5 Qd6 11. 0-0 h6 12. Bh4 Ne7 13. Bxe7 Qxe7 14. Re1 0-0 15. Qe3 Bd7 16. Nbd2 Rae8 17. Rad1 Rf6 18. Qxe5 Re6 19. Qc7 Bxb2 20. Qxb7 Qg7 21. Qxa7 f4 22. Kf1 Bc3 23. Rxe6 Bxe6 24. Qxg7+ Bxg7 25. Re1 Kf8 26. a4 Bc3 27. Re4 Ke7 28. Rxf4 Rb8 29. Ne4 Rb1+ 30. Ke2 Bb4 31. c3 Rb2+ 32. Ke3 Ba3 33. Ne5 Rb6 34. Rh4 Bd5 35. c4 Bc1+ 36. Ke2 Bxe4 37. Rxe4 Kd6 38. f4 Ra6 39. Nf7+ Kd7 40. Nxh6 Rxa4 41. Ng4 Bb2 42. Ne5+ Kd6 43. Kf3 Ra1 44. Re2 Rf1+ 45. Rf2 Rb1 46. Re2 Rf1+ 47. Kg4 Bc1 48. g3 1-0

[Event "EU-ch U16"]
[Site "Prague"]
[Date "2024.08.28"]
[Round "6"]
[White "Tsarsitalidis, Christos"]
[Black "Erten, Kerem"]
[Result "0-1"]
[WhiteElo "2210"]
[BlackElo "2331"]
[PlyCount "154"]
[EventDate "2024.08.22"]
[EventType "swiss"]
[EventRounds "9"]
[EventCountry "CZE"]
[SourceTitle "CBM 221 Extra"]
[Source "ChessBase"]
[SourceDate "2024.09.30"]
[SourceVersion "1"]
[SourceVersionDate "2024.09.30"]
[SourceQuality "1"]

1. e4 e5 2. Nf3 Nc6 3. Bb5 f5 4. Nc3 fxe4 5. Nxe4 Nf6 6. Nxf6+ Qxf6 7. Qe2 Be7 8. Bxc6 dxc6 9. Nxe5 Bf5 10. 0-0 0-0-0 11. d3 Rde8 12. Nc4 Qh4 13. Qe5 g6 14. Bf4 Bd8 15. Bg3 Qg5 16. Qc5 Kb8 17. Rfe1 Bd7 18. Re5 Qf6 19. Rae1 b6 20. Qd4 Kc8 21. Qe4 Qg7 22. Re2 g5 23. d4 h5 24. Qd3 Qf7 25. Rxe8 Bxe8 26. Be5 Rg8 27. b3 Qd7 28. Ne3 Kb7 29. c4 Bg6 30. Qc3 Bf7 31. Rd2 g4 32. d5 cxd5 33. Nxd5 Qf5 34. Ne3 Qb1+ 35. Rd1 Qg6 36. c5 Qc6 37. cxb6 Qxc3 38. Bxc3 axb6 39. Rd7 Bg6 40. Rg7 Rxg7 41. Bxg7 Be7 42. Nd5 Bd6 43. h3 gxh3 44. gxh3 Be4 45. Ne3 Bb1 46. a4 Ba2 47. Nf5 Bc5 48. Nd4 Bd6 49. Nf5 Bb4 50. Ng3 h4 51. Nf5 Bxb3 52. Nxh4 Bxa4 53. Nf3 Be8 54. Kf1 Kc6 55. Ke2 Kd5 56. Nd2 Bd7 57. h4 Be7 58. Nf3 Bg4 59. Ke3 Bxf3 60. Kxf3 Bxh4 61. Ke3 Be7 62. Kd3 c5 63. f4 Bd6 64. f5 Be5 65. f6 c4+ 66. Kc2 Ke6 67. Bf8 Bxf6 68. Bb4 b5 69. Bc5 Kd5 70. Bf8 Bd4 71. Bb4 Bc5 72. Be1 b4 73. Bd2 Ke4 74. Bc1 Bd4 75. Bg5 b3+ 76. Kb1 c3 77. Bd2 c2+ 0-1

[Event "EU-ch U16"]
[Site "Prague"]
[Date "2024.08.22"]
[Round "1"]
[White "Erten, Kerem"]
[Black "Kaewpitakkun, Pantham"]
[Result "1-0"]
[WhiteElo "2331"]
[BlackElo "2036"]
[PlyCount "47"]
[EventDate "2024.08.22"]
[EventType "swiss"]
[EventRounds "9"]
[EventCountry "CZE"]
[SourceTitle "CBM 221 Extra"]
[Source "ChessBase"]
[SourceDate "2024.09.30"]
[SourceVersion "1"]
[SourceVersionDate "2024.09.30"]
[SourceQuality "1"]

1. e4 c5 2. Nf3 d6 3. d4 cxd4 4. Nxd4 Nf6 5. Nc3 a6 6. Be2 e6 7. Be3 Be7 8. f4 d5 9. e5 Ne4 10. Nxe4 dxe4 11. c3 b5 12. 0-0 0-0 13. a4 bxa4 14. Qxa4 Bb7 15. f5 exf5 16. Nxf5 Nc6 17. Qxe4 Bg5 18. Bc5 Re8 19. Nd6 Rxe5 20. Qc4 Be3+ 21. Bxe3 Qxd6 22. Qxf7+ Kh8 23. Qxb7 Rb8 24. Rad1 1-0

[Event "Titled Tuesday intern op 13th Aug Early"]
[Site "Chess.com INT"]
[Date "2024.08.13"]
[Round "3"]
[White "Escudero Donoso, Felipe"]
[Black "Erten, Kerem"]
[Result "0-1"]
[WhiteElo "2013"]
[BlackElo "2331"]
[PlyCount "158"]
[EventDate "2024.08.13"]
[EventType "swiss (blitz)"]
[EventRounds "11"]
[EventCountry "USA"]
[SourceTitle "EXT 2025"]
[Source "ChessBase"]
[SourceDate "2024.10.14"]
[SourceVersion "1"]
[SourceVersionDate "2024.10.14"]
[SourceQuality "1"]

1. d4 Nf6 2. Nf3 g6 3. c4 Bg7 4. Nc3 d5 5. cxd5 Nxd5 6. h4 Nxc3 7. bxc3 h5 8. g3 c5 9. Bg2 Nc6 10. Be3 Bg4 11. 0-0 0-0 12. Rb1 Qd7 13. dxc5 Qc8 14. Qb3 Bf5 15. Rb2 Rb8 16. Nd4 Bd7 17. Rd1 Qc7 18. Bf4 e5 19. Nb5 Qd8 20. Bg5 Qc8 21. Nd6 Qc7 22. Bd5 Na5 23. Qc2 Bc6 24. Bxc6 Nxc6 25. Qe4 Nd8 26. Rdb1 Qxc5 27. Rxb7 Nxb7 28. Nxb7 Qxc3 29. Rb3 Qa1+ 30. Kg2 Qxa2 31. Qd3 a5 32. Ra3 Qe6 33. Nxa5 Ra8 34. Nc4 e4 35. Qc2 Rac8 36. Ra4 Qd5 37. Qa2 e3+ 38. f3 Rfe8 39. Nxe3 Qxa2 40. Rxa2 Bd4 41. Nd5 Kg7 42. e4 f5 43. Ra6 fxe4 44. Ne7 Rc7 45. Rxg6+ Kf7 46. Rh6 exf3+ 47. Kxf3 Rcxe7 48. Bxe7 Rxe7 49. Rxh5 Re3+ 50. Kg2 Be5 51. Rf5+ Ke6 52. Rf3 Re2+ 53. Kh3 Bf6 54. Kg4 Kf7 55. Rf4 Kg6 56. Ra4 Re3 57. Rc4 Ra3 58. Re4 Rb3 59. Rc4 Be5 60. Rc6+ Kg7 61. Kf5 Bxg3 62. h5 Rb5+ 63. Kg4 Be1 64. Rc7+ Kf6 65. Rc6+ Ke7 66. Rc7+ Kd6 67. Rf7 Bd2 68. h6 Rg5+ 69. Kh4 Rg1 70. h7 Rh1+ 71. Kg4 Ke6 72. Rb7 Bc3 73. Kg5 Bf6+ 74. Kg6 Rg1+ 75. Kh6 Rh1+ 76. Kg6 Rg1+ 77. Kh6 Be5 78. Rb6+ Kf5 79. Rb7 Rh1# 0-1

[Event "Titled Tuesday intern op 13th Aug Early"]
[Site "Chess.com INT"]
[Date "2024.08.13"]
[Round "1"]
[White "Hoffmann, Asa"]
[Black "Erten, Kerem"]
[Result "1-0"]
[WhiteElo "2185"]
[BlackElo "2331"]
[PlyCount "71"]
[EventDate "2024.08.13"]
[EventType "swiss (blitz)"]
[EventRounds "11"]
[EventCountry "USA"]
[SourceTitle "EXT 2025"]
[Source "ChessBase"]
[SourceDate "2024.10.14"]
[SourceVersion "1"]
[SourceVersionDate "2024.10.14"]
[SourceQuality "1"]

1. d4 Nf6 2. Bg5 e6 3. Nd2 d5 4. e3 Be7 5. Bd3 c5 6. c3 b6 7. f4 0-0 8. Ngf3 Ba6 9. Bxa6 Nxa6 10. Ne5 Nb8 11. 0-0 Ne8 12. Bxe7 Qxe7 13. Qf3 Nd7 14. e4 cxd4 15. cxd4 dxe4 16. Nxe4 Nef6 17. Nc6 Qe8 18. Nd6 Qd8 19. Nxd8 Rfxd8 20. Ne4 Nd5 21. Rac1 f5 22. Ng5 Nf8 23. Qe2 h6 24. Nxe6 Re8 25. Qe5 Nf6 26. d5 N8d7 27. Qxf5 b5 28. Qg6 Re7 29. Rfe1 Nxd5 30. Qd3 N7f6 31. Qxb5 Rae8 32. f5 Kh8 33. h3 Nb6 34. a4 Nc8 35. Rcd1 Rf8 36. Nxf8 1-0